[Event "LTU-ch"]
[Site "Vilnius"]
[Date "1995.??.??"]
[Round "7"]
[White "Zapolskis, Antanas"]
[Black "Ruzele, Darius"]
[Result "1-0"]
[WhiteElo "2360"]
[BlackElo "2500"]

1.e4 c5 2.Nf3 e6 3.d4 cxd4 4.Nxd4 Nc6 5.Nc3 Qc7 6.g3 a6 7.Bg2 Nf6 8.Nb3 d6
9.O-O Be7 10.a4 b6 11.f4 Nd7 12.Qe2 Bb7 13.Be3 Nc5 14.f5 Bf6 15.fxe6 fxe6
16.Bg5 Bxg5 17.Qh5+ g6 18.Qxg5 Qe7 19.Qd2 Rf8 20.Nd4 Rxf1+ 21.Rxf1 O-O-O
22.Qf2 Nb4 23.Bh3 Kb8 24.Qf7 Qxf7 25.Rxf7 Re8 26.Rxh7 e5 27.Nde2 Nxc2 28.Rg7 Nd4
29.Rxg6 Nxe4 30.Nxd4 exd4 31.Nxe4 Rxe4 32.Rxd6 Re2 33.Rxb6 Kc7 34.Bf1 Re1
35.Rb4 Rd1 36.h4 a5 37.Rc4+ Kd6 38.b4 axb4 39.Rxb4 Bc6 40.Kf2 Kc5 41.Rc4+ Kd5
42.Rc2 Bxa4 43.Ra2 Bb3 44.Ra5+ Ke4 45.Bg2+ Kd3 46.g4 Kc3 47.h5 Bc2 48.Rc5+ Kd2
49.h6 Rb1 50.Rxc2+ Kxc2 51.Be4+ d3 52.h7 Rb8 53.g5 Kc3 54.Bxd3 Kxd3 55.g6 Rf8+
56.Kg3  1-0

[Event "LTU-ch"]
[Site "Vilnius"]
[Date "1995.??.??"]
[Round "9"]
[White "Macionis, Andrius"]
[Black "Dambrauskas, Virginijus"]
[Result "0-1"]
[WhiteElo "2330"]
[BlackElo "2340"]

1.e4 c5 2.Nf3 e6 3.d4 cxd4 4.Nxd4 Nc6 5.Nc3 Qc7 6.Be2 a6 7.O-O Bb4 8.Nxc6 dxc6
9.f4 Nf6 10.e5 Nd5 11.Ne4 O-O 12.c4 Qb6+ 13.Kh1 Ne7 14.a3 Rd8 15.Bd3 Qd4
16.Nd6 Bc5 17.Bxh7+ Kf8 18.Be4 Qxd1 19.Rxd1 a5 20.Bd2 Bxd6 21.exd6 Rxd6 22.Bxa5 Rxd1+
23.Rxd1 f5 24.Bc3 fxe4 25.Re1 Bd7 26.Rxe4 Kf7 27.Kg1 c5 28.Re5 b6 29.Rg5 Nf5
30.Be5 g6  0-1

[Event "Vinkovci"]
[Site "Vinkovci"]
[Date "1995.??.??"]
[Round "?"]
[White "Palac, Mladen"]
[Black "Hulak, Krunoslav"]
[Result "1/2-1/2"]
[WhiteElo "2545"]
[BlackElo "2545"]

1.e4 c5 2.Nf3 Nc6 3.d4 cxd4 4.Nxd4 e6 5.Nc3 Qc7 6.Be2 a6 7.O-O Nf6 8.Be3 Be7
9.f4 d6 10.Qe1 O-O 11.Qg3 Nxd4 12.Bxd4 b5 13.a3 Bb7 14.Kh1 Rad8 15.Rae1 Bc6
16.Bd3 Qb7 17.Qh3 Ne8 18.Re3 Qd7 19.e5 g6 20.f5 dxe5 21.Bxe5 Bf6 22.Bxf6 Nxf6
23.fxg6 fxg6 24.Qxe6+ Kg7 25.Qxd7+ Rxd7 26.Re6 Bb7 27.Kg1 Rff7 28.h3 Nh5
29.Rxf7+ Kxf7 30.Rb6 Re7 31.a4 Nf4 32.Bf1 bxa4 33.Nxa4 Rc7 34.Nc3 Nd5 35.Rxb7 Rxb7
36.Bc4 Rxb2 37.Bxd5+ Kf6 38.Bb3 Ke5 39.Kf2 Kd4 40.Ne2+ Kc5 41.Ke3 Rb1 42.Nc3 Re1+
43.Kf2 Re7 44.Kf3 a5 45.Ne4+ Kb4 46.Nf6 Ka3 47.Kg4 a4 48.Bxa4 Kxa4 49.Kg5  1/2-1/2

[Event "Vladivostok op"]
[Site "Vladivostok"]
[Date "1995.??.??"]
[Round "4"]
[White "Zagrebelny, Sergey"]
[Black "Kovalev, Andrei"]
[Result "1/2-1/2"]
[WhiteElo "2510"]
[BlackElo "2545"]

1.e4 c5 2.Nf3 e6 3.Nc3 Nc6 4.d4 cxd4 5.Nxd4 Nf6 6.Ndb5 d6 7.Bf4 e5 8.Bg5 a6
9.Na3 Be6 10.Nc4 Rc8 11.Bxf6 Qxf6 12.Nxd6+ Bxd6 13.Qxd6 Nd4 14.Bd3 Qg5 15.h4 Qxg2
16.O-O-O Qxf2 17.Qxe5 O-O 18.Rhg1 g6 19.Qg3 Qxg3 20.Rxg3 b5 21.a4 b4 22.Bxa6 bxc3
23.Rxd4 cxb2+ 24.Kxb2 Rc5 25.Rg5 Rb8+ 26.Bb5 Rc7 27.Rg3 Rc5 28.Re3 Kg7 29.e5 h6
30.c3 Bc4 31.Ka3 Bxb5 32.axb5  1/2-1/2

[Event "AUT-ch"]
[Site "Voitsberg"]
[Date "1995.??.??"]
[Round "11"]
[White "Schlosser, Michael"]
[Black "Sinowjew, Juri"]
[Result "1/2-1/2"]
[WhiteElo "2365"]
[BlackElo "2320"]

1.e4 c5 2.Nf3 e6 3.d4 cxd4 4.Nxd4 Nc6 5.Nc3 a6 6.f4 Qc7 7.Be2 Nxd4 8.Qxd4 b5
9.Be3 Bb7 10.Bf3 Rc8 11.O-O Ne7 12.Rf2 Ng6 13.g3 Bc5 14.Qxc5 Qxc5 15.Bxc5 Rxc5
16.Rd1 Ke7 17.Rfd2 Rd8 18.Kf2 Nf8 19.Ne2 b4 20.c3 a5 21.cxb4 axb4 22.Rc1 Rb5
23.b3 Rb8 24.Rc7 Kd8 25.Rc4 Rb6 26.Nd4 d6 27.Nc2 Ke7 28.Rdd4 e5 29.fxe5 dxe5
30.Rc7+ Kf6 31.Rxb4 Rxb4 32.Nxb4 Bxe4 33.Na6 Ra8 34.Bxe4 Rxa6 35.Rc6+ Rxc6
36.Bxc6 Ke6 37.a4 Kd6 38.Be8 f5 39.b4 Ne6 40.Bf7 Nc7 41.a5 Kc6 42.Bc4 g5
43.h3 h6 44.g4 f4 45.Kf3 Nb5  1/2-1/2

[Event "AUT-ch"]
[Site "Voitsberg"]
[Date "1995.??.??"]
[Round "13"]
[White "Schlosser, Michael"]
[Black "Sommerbauer, Norbert"]
[Result "0-1"]
[WhiteElo "2365"]
[BlackElo "2385"]

1.e4 c5 2.Nf3 e6 3.d4 cxd4 4.Nxd4 Nc6 5.Nc3 Qc7 6.Be3 a6 7.Qd2 b5 8.f3 Bb7
9.O-O-O Nf6 10.g4 d6 11.g5 Nd7 12.Nxc6 Qxc6 13.Kb1 Be7 14.h4 Rc8 15.a3 Ne5
16.f4 Nc4 17.Bxc4 Qxc4 18.Bd4 O-O 19.h5 a5 20.g6 h6 21.gxf7+ Rxf7 22.Rhg1 b4
23.Bxg7 Rxg7 24.Rxg7+ Kxg7 25.Qg2+ Kf8 26.Rg1 Ke8 27.Na4 Qc6 28.Qg6+ Kd7
29.f5 Kc7 30.Qxe6 Qxe4 31.Qxe4 Bxe4 32.Rg7 Kb8 33.Rxe7 Bxc2+ 34.Ka1 Bxa4
35.axb4 Bb3 36.Kb1 axb4 37.f6 Rc7 38.Re8+ Kb7 39.Re3 Bf7 40.b3 Bxh5 41.Rh3 Bg6+
42.Kb2 h5 43.Rh4 Rf7 44.Rxb4+ Kc6 45.Rf4 Kd5  0-1

[Event "SLO-ch"]
[Site "Vrhnika"]
[Date "1995.??.??"]
[Round "?"]
[White "Kolar, Srecko"]
[Black "Gostisa, Leon"]
[Result "1/2-1/2"]
[WhiteElo "2230"]
[BlackElo "2430"]

1.e4 c5 2.Nf3 e6 3.Nc3 Nc6 4.d4 cxd4 5.Nxd4 Qc7 6.Be2 a6 7.O-O Nf6 8.Kh1 Be7
9.f4 d6 10.a3 O-O 11.b3 Bd7 12.Bb2 Rac8 13.Nxc6 Bxc6 14.Bd3 Rfd8 15.Qe2 Nd7
16.b4 Bf6 17.Rae1 g6 18.Nd1 b5 19.Bxf6 Nxf6 20.Nf2 Qe7 21.Qe3 e5 22.f5 gxf5
23.Qg5+ Kh8 24.Qxf5 Bd7 25.Qf3 Rg8 26.Nd1 Rg6 27.Ne3 Rh6 28.c4 Rg8 29.Rc1 Ng4
30.Nxg4 Bxg4 31.Qf2 Qg5 32.g3 Bh3 33.Rfe1 Be6 34.cxb5 axb5 35.Kg1 Ra8 36.Rc3 Rb8
37.Rc2 Ra8 38.Rc3 Rb8 39.Rc2 Ra8 40.Rc3  1/2-1/2

[Event "SLO-ch"]
[Site "Vrhnika"]
[Date "1995.??.??"]
[Round "?"]
[White "Kolar, Srecko"]
[Black "Simic, Dragan"]
[Result "0-1"]
[WhiteElo "2230"]
[BlackElo "2255"]

1.e4 c5 2.Nf3 e6 3.d4 cxd4 4.Nxd4 Nc6 5.Nc3 Qc7 6.Be2 a6 7.O-O Nf6 8.Kh1 Bb4
9.Qd3 Nxd4 10.Qxd4 Bc5 11.Qd3 b5 12.f4 Bb7 13.Bf3 Bb4 14.Bd2 Bxc3 15.bxc3 Rc8
16.Rae1 Qc4 17.f5 Qxd3 18.cxd3 e5 19.Rb1 O-O 20.c4 Bc6 21.c5 d5 22.cxd6 Rfd8
23.Bb4 Ne8 24.Rbc1 Nxd6 25.f6 gxf6 26.Be2 Kg7 27.Rf3 f5 28.Bxd6 Rxd6 29.Rxf5 f6
30.Rf2 Bd7 31.Rxc8 Bxc8 32.Kg1 Be6 33.a3 Rd4 34.Bf1 Ra4 35.Rc2 Rxa3 36.Rc6 Kf7
37.Rb6 Ra4 38.Kf2 b4 39.Be2 a5 40.Bd1 Ra1 41.Bh5+ Ke7 42.Ke3 b3 43.d4 exd4+
44.Kxd4 a4 45.Be2 a3 46.e5 fxe5+ 47.Kxe5 Re1 48.Rxe6+ Kf7 49.Kd6 Rxe2 50.Rxe2 a2
51.Re7+ Kf8 52.Ra7 b2 53.Rxa2 b1=Q 54.Rf2+ Kg7 55.Rf3 Qb8+ 56.Ke6 Qxh2  0-1

[Event "Warsaw"]
[Site "Warsaw"]
[Date "1995.??.??"]
[Round "?"]
[White "Macieja, Bartlomiej"]
[Black "Schmidt, Wlodzimierz"]
[Result "1/2-1/2"]
[WhiteElo "2440"]
[BlackElo "2475"]

1.e4 c5 2.Nf3 e6 3.d4 cxd4 4.Nxd4 Nc6 5.Nc3 Qc7 6.Be3 a6 7.Be2 Nf6 8.O-O d6
9.f4 Be7 10.Qe1 O-O 11.Qg3 Nxd4 12.Bxd4 b5 13.a3 Bb7 14.Bd3 e5 15.fxe5 Nh5
16.Qf2 dxe5 17.Bb6 Qd6 18.Rad1 Nf4 19.Be3 b4 20.axb4 Qxb4 21.Bxf4 exf4 22.Qxf4 Qxb2
23.Nd5 Qd4+ 24.Kh1 Bxd5 25.exd5 Qxf4 26.Rxf4 Bd6 27.Ra4 Rfc8 28.Rda1 Rc5
29.Ra5 Rxa5 30.Rxa5 Bb4 31.Rxa6 Rxa6 32.Bxa6 f5 33.Bc8 g6 34.g3 Kf7 35.Kg2 Kf6
36.Kf3 Ke5 37.Be6 g5  1/2-1/2

[Event "Wattens op"]
[Site "Wattens"]
[Date "1995.??.??"]
[Round "?"]
[White "Jedinger, Andreas"]
[Black "Wachinger, Guenther"]
[Result "0-1"]
[WhiteElo "1895"]
[BlackElo "2275"]

1.e4 c5 2.Nf3 e6 3.d4 cxd4 4.Nxd4 Nc6 5.Nc3 a6 6.Be3 Qc7 7.Bd3 b5 8.a3 Bb7
9.Qe2 Nge7 10.O-O-O Nxd4 11.Bxd4 Nc6 12.Be3 Na5 13.Rhe1 Bxa3 14.Bxb5 Qxc3
15.Bxd7+ Ke7 16.Bd4 Nb3+ 17.Kb1 Nxd4  0-1

[Event "Wattens op"]
[Site "Wattens"]
[Date "1995.??.??"]
[Round "?"]
[White "Jedinger, Andreas"]
[Black "Gerhold, Michael"]
[Result "1-0"]
[WhiteElo "1895"]
[BlackElo "2240"]

1.e4 c5 2.Nf3 Nc6 3.d4 cxd4 4.Nxd4 e6 5.Nc3 Nf6 6.Be3 Bb4 7.Bd3 d5 8.Nxc6 bxc6
9.e5 d4 10.O-O dxc3 11.exf6 cxb2 12.fxg7 bxa1=Q 13.Qxa1 Rg8 14.Bxh7 Be7 15.Bxg8 Bf6
16.Qd1 Qxd1 17.Rxd1 Bxg7 18.Bh7 f5 19.h4 Ba6 20.Bg6+ Ke7 21.h5 Bc4 22.Bc5+ Kf6
23.f4 Bh6 24.g3 Bxa2 25.Rd7 e5 26.Rd6+ Kg7 27.Bxf5 Bf7 28.fxe5 Bxh5 29.Rxc6 a5
30.Rc7+ Kg8 31.g4 Be8 32.Be6+ Kh8 33.Ba2 Bg7 34.Bd6 a4 35.Rb7 Bc6 36.Rb8+ Rxb8
37.Bxb8 Kh7 38.Bd6 Kg6 39.Kf2 Kg5 40.Kg3 Bb5 41.e6 Bc3 42.Bd5 Be8 43.e7 Kf6
44.Kf4 Bd2+ 45.Ke4 Bc3 46.Kd3 Be5 47.Bb4 Kg5 48.Ke4 Bb2 49.c4 Kxg4 50.c5 Kg5
51.c6 Bg6+ 52.Ke3 Be5 53.Be6 Kf6 54.Bd7 a3 55.Bxa3 Bc7 56.Kd4 Be5+ 57.Kc4 Bf7+
58.Kb5 Bc7 59.Ka6 Bg3 60.Kb7 Bf4 61.e8=Q Bxe8 62.Bxe8 Ke6 63.c7 Bxc7 64.Kxc7 Ke5
65.Bd7 Kd5 66.Bd6 Kd4 67.Be6 Ke4 68.Kc6 Kd4 69.Bd5 Ke3 70.Be5 Kd3 71.Kc5 Ke3
72.Bd4+ Kf4 73.Kd6 Kf5 74.Be5 Kg4 75.Be4 Kg5 76.Ke6 Kg4 77.Kf6 Kh5 78.Kf5 Kh4
79.Bf4  1-0

[Event "NBG Open Weilburg"]
[Site "Weilburg"]
[Date "1995.??.??"]
[Round "9"]
[White "Mowsziszian, Karen"]
[Black "Zagorskis, Darius"]
[Result "0-1"]
[WhiteElo "2440"]
[BlackElo "2520"]

1.e4 c5 2.Nf3 e6 3.d4 cxd4 4.Nxd4 Nc6 5.Nc3 Qc7 6.Nxc6 bxc6 7.Bd3 Nf6 8.O-O Be7
9.Qe2 d5 10.Kh1 O-O 11.b3 Bb7 12.f4 Bb4 13.Bb2 Bxc3 14.Bxc3 Nxe4 15.Bxe4 dxe4
16.f5 exf5 17.Rxf5 Bc8 18.Re5 Bd7  0-1

[Event "NZL-ch"]
[Site "Wellington"]
[Date "1995.??.??"]
[Round "2"]
[White "Love, Anthony J"]
[Black "Stuart, Peter"]
[Result "1/2-1/2"]
[WhiteElo "2305"]
[BlackElo "2195"]

1.e4 c5 2.Nc3 Nc6 3.Nf3 e6 4.d4 cxd4 5.Nxd4 Qc7 6.Be3 a6 7.Bd3 Nf6 8.O-O Ne5
9.h3 Bc5 10.Qe2 d6 11.f4 Ng6 12.Nb3 Bxe3+ 13.Qxe3 b5 14.Rae1 O-O 15.e5 dxe5
16.Bxg6 hxg6 17.Qxe5 Qa7+ 18.Kh2 Bb7 19.Nc5 b4 20.N3e4 Bxe4 21.Nxe4 Nxe4
22.Qxe4 Rac8 23.Re2 Qc5 24.Rd1 Rfd8 25.Red2 Rxd2 26.Rxd2 a5 27.Qe1 Qc4 28.Qh4 Qc7
29.Qg3 Qc4 30.Qh4 Qc7 31.Qg3 Qc4  1/2-1/2

[Event "NZL-ch"]
[Site "Wellington"]
[Date "1995.??.??"]
[Round "9"]
[White "Smith, Robert W"]
[Black "Stuart, Peter"]
[Result "1/2-1/2"]
[WhiteElo "2270"]
[BlackElo "2195"]

1.e4 c5 2.Nf3 e6 3.d4 cxd4 4.Nxd4 Nc6 5.Nc3 Qc7 6.Be2 a6 7.O-O Nf6 8.Kh1 Bb4
9.Nxc6 bxc6 10.Na4 Be7 11.Bf3 Rb8 12.c4 c5 13.Qe2 d6 14.Nc3 Bb7 15.b3 O-O
16.Bb2 Rfd8 17.Rad1 Bc6 18.Rfe1 Qb7 19.Nd5 Bxd5 20.exd5 e5 21.Bc3 Re8 22.Qc2 Bd8
23.Rb1 a5 24.a3 Qc7 25.Be2 Be7 26.Bf1 Rec8 27.Kg1 Rb7 28.Qd2 Ra8 29.Rb2 h6
30.Bd3 Bd8 31.h3 Rab8 32.Reb1 Ra8 33.Bc2 Nd7 34.Re1 Bf6 35.Rbb1 Rbb8 36.Rbd1 Qd8
37.Qd3 g6 38.Re3 Bg7 39.Qd2 Qc7 40.Rde1 Qd8 41.Qd1 Qh4 42.Re4 Qe7 43.R4e3 Qh4
44.Re4 Qe7 45.R4e3 Qh4  1/2-1/2

[Event "Werfen op"]
[Site "Werfen"]
[Date "1995.??.??"]
[Round "3"]
[White "Klundt, Klaus"]
[Black "Haba, Petr"]
[Result "0-1"]
[WhiteElo "2315"]
[BlackElo "2450"]

1.e4 c5 2.Nf3 e6 3.d4 cxd4 4.Nxd4 Nc6 5.Nc3 Qc7 6.g3 a6 7.Bg2 Nf6 8.O-O Nxd4
9.Qxd4 Bc5 10.Bf4 d6 11.Qd2 h6 12.Rad1 e5 13.Be3 Ke7 14.f4 Be6 15.h3 Rhd8
16.Rf2 Rac8 17.Bxc5 Qxc5 18.Nd5+ Bxd5 19.exd5 exf4 20.Qxf4 Kf8 21.g4 Re8
22.Rd3 Re1+ 23.Kh2 Rce8 24.Rc3 Qb6 25.Rb3 Qc7 26.g5 hxg5 27.Qxg5 Qc5 28.Qh4 R8e2
29.Rbf3 Rxf2 30.Rxf2 Qe3 31.Qg3 Qe7 32.Qh4 Kg8 33.Bf3 Qe3 34.Rg2 Qc1 35.Qd4 Rh1+
36.Kg3 Qe1+ 37.Rf2 Rf1 38.Kg2 Rg1+ 39.Kh2 Rg5 40.Bg2 Qe7 41.c4 Nd7 42.b3 Rg6
43.Rf5 Rh6 44.Kg1 Rh4 45.Qf2 Rh6 46.Qd4 g6 47.Rf4 Rh5 48.Re4 Re5 49.b4 Rxe4
50.Qxe4 Qxe4 51.Bxe4 Kg7 52.c5 dxc5 53.d6 cxb4 54.Bxb7 a5 55.Bc6 Ne5 56.Ba4 Kf8
57.Kf2 Nc4 58.d7 Ke7 59.Kg3 Nb6  0-1

[Event "Hoogovens rapid"]
[Site "Wijk aan Zee"]
[Date "1995.??.??"]
[Round "?"]
[White "Adams, Michael"]
[Black "Lutz, Christopher"]
[Result "0-1"]
[WhiteElo "2640"]
[BlackElo "2580"]

1.e4 c5 2.Nc3 e6 3.Nf3 Nc6 4.d4 cxd4 5.Nxd4 d6 6.Be3 Nf6 7.Qd2 Be7 8.f3 O-O
9.O-O-O d5 10.exd5 Nxd5 11.Nxd5 Qxd5 12.Nxc6 Qxc6 13.Bd3 e5 14.Qa5 Qf6 15.h4 b6
16.Qa4 Bb7 17.Bg5 Qe6 18.Bxe7 Qxe7 19.Be4 Bxe4 20.Qxe4 Rad8 21.a3 f5 22.Qc4+ Qf7
23.Qxf7+ Kxf7 24.Rxd8 Rxd8 25.Rd1 Rxd1+ 26.Kxd1 b5 27.Kd2 Ke6 28.b3 Kd5 29.Kd3 a5
30.Ke3 a4 31.h5 b4  0-1

[Event "Hoogovens op"]
[Site "Wijk aan Zee"]
[Date "1995.??.??"]
[Round "2"]
[White "Tkachiev, Vladislav"]
[Black "Brodsky, Michail"]
[Result "1/2-1/2"]
[WhiteElo "2575"]
[BlackElo "2535"]

1.e4 c5 2.Nf3 e6 3.d4 cxd4 4.Nxd4 Nc6 5.Nc3 Qc7 6.Be3 a6 7.Bd3 b5 8.O-O Bb7
9.a3 Nf6 10.Qe2 Be7 11.f4 d6 12.Kh1 O-O 13.Rae1 Rac8 14.Rf3 Nxd4 15.Bxd4 e5
16.fxe5 dxe5 17.Be3 Qd6 18.Bg5 Nd7 19.Bxe7 Qxe7 20.a4 b4 21.Nd5 Bxd5 22.exd5 Nc5
23.Re3 Rfe8 24.Bxa6 Nxa6 25.Qxa6 Rxc2 26.Qb5 Rd8 27.Qd3 Rc5 28.Rd1 Qd6 29.h3 g6
30.Re4 Ra5 31.Qb3 Rb8 32.Rc4 Rb6 33.Rc8+ Kg7 34.Re8 Rba6 35.Qe3 Rxd5 36.Rxd5 Qxd5
37.Qxe5+ Qxe5 38.Rxe5 Rxa4 39.Rb5  1/2-1/2

[Event "Sonnevanck-B"]
[Site "Wijk aan Zee"]
[Date "1995.??.??"]
[Round "2"]
[White "Reeh, Oliver"]
[Black "Loeffler, Stefan"]
[Result "0-1"]
[WhiteElo "2450"]
[BlackElo "2425"]

1.e4 c5 2.Nf3 e6 3.d4 cxd4 4.Nxd4 Nc6 5.Nc3 Qc7 6.f4 a6 7.Nxc6 bxc6 8.Bd3 d5
9.O-O Nf6 10.Qe2 Be7 11.e5 Nd7 12.Na4 c5 13.c4 d4 14.b3 Bb7 15.Bd2 g6 16.Be4 Rb8
17.Nb2 h5 18.Nd3 h4 19.Nf2 Kf8 20.Qe1 Kg7 21.Ba5 Qc8 22.Rd1 Rh5 23.Qe2 Bxe4
24.Nxe4 Qb7 25.Qd3 h3 26.g4 Nxe5 27.fxe5 Rxe5 28.Rde1 f5 29.gxf5 exf5 30.Qg3 Rxe4
31.Rxe4 Qxe4 32.Re1 Bd6 33.Qxh3 Rh8 34.Rxe4 Rxh3 35.Re2 Bf4 36.Bd2 Bxd2 37.Rxd2 Kf6
38.b4 Rc3 39.bxc5 Rxc4 40.Kf2 Ke5  0-1

[Event "Sonnevanck"]
[Site "Wijk aan Zee"]
[Date "1995.??.??"]
[Round "7"]
[White "Wells, Peter K"]
[Black "Van Mil, Johannes A J"]
[Result "1/2-1/2"]
[WhiteElo "2530"]
[BlackElo "2475"]

1.e4 c5 2.Nf3 e6 3.d4 cxd4 4.Nxd4 Nc6 5.Nc3 a6 6.Nxc6 bxc6 7.e5 Qc7 8.f4 d5
9.exd6 Bxd6 10.Ne4 Be7 11.Bd3 Nh6 12.Ng5 Nf5 13.Qe2 Bb7 14.O-O c5 15.Bd2 Rd8
16.Bxf5 exf5 17.Rfe1 Rd6 18.Ba5 Qd7 19.Qh5 g6 20.Qh6 Qa4 21.Qg7 Qd4+ 22.Qxd4 cxd4
23.Bb4 Rd7 24.Rad1 f6 25.Rxd4 fxg5 26.Rxd7 Kxd7 27.Rxe7+ Kc6 28.fxg5 Rd8
29.c4 Rd1+ 30.Kf2 Rc1 31.b3 Ra1 32.Re2 Kd7 33.Rd2+ Ke6 34.Rd6+ Ke5 35.Bc3+ Kxd6
36.Bxa1 Be4 37.b4 Bb1 38.a3 Ba2 39.c5+ Kd5 40.Ke3 Bb3 41.g3 Ba4 42.Kd3 Bb5+
43.Kc3 Ba4 44.Bb2 Bb5 45.Bc1 Ba4 46.Bf4 Bb5 47.Kb3 Bc4+ 48.Kc3 Bb5 49.Kb3  1/2-1/2

[Event "Sonnevanck-A"]
[Site "Wijk aan Zee"]
[Date "1995.??.??"]
[Round "9"]
[White "Kotronias, Vasilios"]
[Black "Nijboer, Friso"]
[Result "0-1"]
[WhiteElo "2570"]
[BlackElo "2510"]

1.e4 c5 2.Nf3 Nc6 3.d4 cxd4 4.Nxd4 e6 5.Nc3 Nf6 6.Ndb5 d6 7.Bf4 e5 8.Bg5 a6
9.Na3 b5 10.Bxf6 gxf6 11.Nd5 f5 12.Bd3 Be6 13.O-O Bxd5 14.exd5 Ne7 15.c3 Bg7
16.Qh5 Qd7 17.Rad1 Rc8 18.Nc2 O-O 19.g3 e4 20.Be2 f4 21.gxf4 f5 22.Kh1 Ng6
23.Qg5 Qd8 24.Rg1 Qxg5 25.fxg5 Rc5 26.f3 Nf4 27.Rge1 Nxd5 28.fxe4 fxe4 29.Bg4 Nf4
30.Rxe4 Rxg5 31.Rg1 Kh8 32.Be2 Re5 33.Rxe5 dxe5 34.Re1 Bf6 35.Bf3 Nd3 36.Rf1 Nxb2
37.Bb7 Na4 38.Bxa6 Nxc3 39.Ne3 Be7 40.Rxf8+ Bxf8 41.Kg2 Kg7 42.Nf5+ Kf6 43.Ng3 e4
44.Nxe4+ Nxe4 45.Bxb5 Kg5 46.Bc6 Nf6 47.a4 Bb4 48.Bf3 Kh4 49.Kh1 Ba5 50.Kg2 Bb6
51.Bb7 Bc7 52.Bc8 h6 53.Be6 h5 54.h3 Ne4 55.Bd7 Bb6 56.Kf3 Nc5 57.Be8 Kg5
58.Bc6 Nd3 59.Be8 h4 60.Bb5 Nf4 61.Bd7 Nd5 62.Bc6 Nf6 63.Bb5 Kf5 64.Bd3+ Ke5
65.Bb5 Kd4 66.Bc6 Bd8 67.Bb5 Ne4 68.Bd7 Nd2+ 69.Ke2 Nc4 70.Be6 Ne5 71.Bf5 Bb6
72.Bb1 Kd5 73.Bd3 Nxd3  0-1

[Event "Hoogovens op"]
[Site "Wijk aan Zee"]
[Date "1995.??.??"]
[Round "12"]
[White "Romero Holmes, Alfonso"]
[Black "Brodsky, Michail"]
[Result "1/2-1/2"]
[WhiteElo "2455"]
[BlackElo "2535"]

1.e4 c5 2.Nf3 e6 3.d4 cxd4 4.Nxd4 Nc6 5.Nc3 Qc7 6.g3 a6 7.Bg2 d6 8.O-O Bd7
9.Re1 Be7 10.Nxc6 Bxc6 11.Qg4 h5 12.Qe2 h4 13.Bf4 hxg3 14.hxg3 Nf6 15.a4 Nd7
16.a5 Ne5  1/2-1/2

[Event "Yalta op"]
[Site "Yalta"]
[Date "1995.??.??"]
[Round "?"]
[White "Mansurov, Viacheslav"]
[Black "Olenin, Nikolay"]
[Result "1-0"]
[WhiteElo "2400"]
[BlackElo "2320"]

1.e4 c5 2.Nf3 e6 3.Nc3 Nc6 4.d4 cxd4 5.Nxd4 Nf6 6.Nxc6 bxc6 7.e5 Nd5 8.Ne4 Qc7
9.f4 Qb6 10.c4 Bb4+ 11.Ke2 f5 12.Nf2 Bc5 13.Nd3 Ne3 14.Qb3 Nxf1 15.Qxb6 Bxb6
16.Rxf1 Ba6 17.b3 Bd4 18.Rb1 c5 19.Be3 Bxe3 20.Kxe3 Rc8 21.Rg1 Kf7 22.Rbd1 Rhd8
23.g4 Bb7 24.gxf5 exf5 25.e6+ dxe6 26.Nxc5 Rxd1 27.Rxd1 Rxc5 28.Rd7+ Kf6
29.Rxb7 Ra5 30.a4 e5 31.h4 exf4+ 32.Kxf4 Re5 33.Rf7+ Ke6 34.Re7+ Kxe7 35.Kxe5 g6
36.b4 Kd7 37.b5 a5 38.bxa6 Kc6 39.c5 Kc7 40.Kd5 h6 41.c6  1-0

[Event "Yalta op"]
[Site "Yalta"]
[Date "1995.??.??"]
[Round "?"]
[White "Magrin, Antonio"]
[Black "Getmanchuk, Andrei V"]
[Result "1/2-1/2"]
[WhiteElo "2110"]
[BlackElo "2160"]

1.e4 c5 2.Ne2 Nc6 3.Nbc3 e6 4.d4 cxd4 5.Nxd4 Nf6 6.Be2 Bb4 7.Qd3 d5 8.Nxc6 bxc6
9.O-O O-O 10.Bg5 Be7 11.Rfd1 Nd7 12.Bxe7 Qxe7 13.Qe3 Qc5 14.Qxc5 Nxc5 15.Bf3 Rb8
16.b3 Ba6 17.Rd2 Rfc8 18.g3 Kf8 19.Bg2 Rb4 20.a3 Rbb8 21.Re1 Rc7 22.f4 Nxe4
23.Nxe4 dxe4 24.Bxe4 c5 25.Red1 Bb7 26.Bxb7 Rbxb7 27.Kf2 a5 28.Rd8+ Ke7 29.Ra8 Ra7
30.Rxa7 Rxa7 31.Ke3 Rc7 32.Rd3 f6 33.Rc3 Kd6 34.Rc4 Kc6 35.Ra4 Kb5 36.Rc4 Rd7
37.Re4 Rd6 38.Ke2 h6 39.Rc4 f5 40.Rc3 Rc6 41.Re3 Kb6 42.Kd3 g5 43.Kc4 gxf4
44.gxf4 Rd6 45.Rd3 Rc6 46.c3 Kc7 47.Rh3 Kd6 48.Rxh6 Rc8 49.Rh3 Rg8 50.Rg3 Rh8
51.h3 Rh4 52.Rf3 e5 53.Kb5 e4 54.Rf1 Rxh3 55.Kc4 e3 56.Rd1+ Ke6 57.Rd5 Rf3
58.Re5+ Kd6 59.Rxf5 Ke6 60.Re5+ Kd6 61.Rd5+ Ke6 62.Re5+ Kd6 63.Re4 Kc6 64.a4 Kd6
65.Kb5 e2 66.Rxe2 Rxc3 67.Rd2+ Ke6 68.Rb2 Rf3 69.Kxa5 Kd5 70.Kb5 Rxf4 71.Rd2+ Rd4
72.Rc2 Rb4+ 73.Ka6 Rxb3 74.a5 c4 75.Ka7 c3 76.a6 Kd4 77.Ka8  1/2-1/2

[Event "Yalta op"]
[Site "Yalta"]
[Date "1995.??.??"]
[Round "5"]
[White "Kuzmin, Gennadi P"]
[Black "Poluljahov, Aleksandr"]
[Result "1-0"]
[WhiteElo "2545"]
[BlackElo "2450"]

1.e4 c5 2.Nf3 e6 3.d4 cxd4 4.Nxd4 Nc6 5.Nc3 Qc7 6.g3 a6 7.Bg2 Nf6 8.O-O d6
9.Nxc6 bxc6 10.Na4 Bb7 11.c4 c5 12.Nc3 Be7 13.Qd3 O-O 14.f4 Rad8 15.b3 Nd7
16.g4 Rfe8 17.g5 Bf8 18.Bb2 g6 19.Rad1 Qa5 20.Qh3 Qc7 21.Rd3 Bg7 22.f5 Ne5
23.Rg3 Bc8 24.Qh4 Bf8 25.Rh3 h6 26.gxh6 Kh7 27.Qg5 Be7 28.f6 Bf8 29.Ne2 Nc6
30.Nf4 e5 31.Nd5 Qa5 32.Rg3 Be6 33.Nc3 Nd4 34.Bc1 Bc8 35.Bh3 Bxh3 36.Rxh3 Ne6
37.Qg4 Nf4 38.Rg3 Nh5 39.Rgf3 Re6 40.Nd5 Rc8 41.a3 Rb8 42.Kh1 Qd8 43.Rg1 Nf4
44.Re1 Qa5 45.Ref1 Qd8 46.Bd2 Rb7 47.Bxf4 exf4 48.Nxf4 Rxe4 49.Qg2 Qe8 50.Nh3 Re2
51.Ng5+ Kh8 52.Qg3 d5 53.cxd5 c4 54.bxc4 Rbb2 55.R3f2 Rxf2 56.Rxf2 Bd6 57.Qf3 Bc5
58.Nxf7+  1-0

[Event "Yalta op"]
[Site "Yalta"]
[Date "1995.??.??"]
[Round "8"]
[White "Golubev, Mihail"]
[Black "Poluljahov, Aleksandr"]
[Result "1-0"]
[WhiteElo "2570"]
[BlackElo "2450"]

1.e4 c5 2.Nf3 e6 3.d4 cxd4 4.Nxd4 Nc6 5.Nc3 Qc7 6.Be3 a6 7.Bd3 Nf6 8.O-O b5
9.Nxc6 Qxc6 10.Re1 Bb7 11.a3 Be7 12.Qf3 Qc7 13.Bd4 h6 14.Qe3 O-O 15.e5 Ne8
16.Qg3 d6 17.Ne4 dxe5 18.Bxe5 Qb6 19.a4 b4 20.a5 Qc6 21.b3 Rd8 22.f3 Qc8
23.Nd2 Bf6 24.Nc4 Qc5+ 25.Qf2 Qxf2+ 26.Kxf2 Bxe5 27.Rxe5 Nf6 28.Ra4 Nd5 29.Be4 Bc6
30.Ra1 Bb5 31.Bxd5 exd5 32.Nb6 d4 33.Rd1 d3 34.cxd3 Bxd3 35.Rd2 Bb5 36.Red5 Rxd5
37.Nxd5 Rb8 38.Nxb4 Kf8 39.Rd4 Ke7 40.Nd5+ Kd6 41.b4 Bc6 42.Nc3+ Ke6 43.Ke3 Ke7
44.Ne2 Bb5 45.Nc3 Bc6 46.Ne4 Bb5 47.Nc5 Rc8 48.h4 Rb8 49.g4 Rg8 50.f4 Rb8
51.f5 Rc8 52.Kf4 Rb8 53.Ke5 f6+ 54.Kf4 Rc8 55.Re4+ Kd6 56.g5 hxg5+ 57.hxg5 fxg5+
58.Kxg5 Kd5 59.Re6 Ra8 60.Kg6 Ra7 61.Rb6 Be8+ 62.Kg5 Bb5 63.Rb7 Rxb7 64.Nxb7 Bd7
65.Nc5 Bc8 66.Kg6 Kc4 67.Nxa6  1-0

[Event "Yalta op"]
[Site "Yalta"]
[Date "1995.??.??"]
[Round "9"]
[White "Golubev, Mihail"]
[Black "Tunik, Gennady"]
[Result "1-0"]
[WhiteElo "2570"]
[BlackElo "2530"]

1.e4 c5 2.Nf3 e6 3.d4 cxd4 4.Nxd4 Nc6 5.Nc3 a6 6.Be3 Qc7 7.Bd3 Nf6 8.O-O Nxd4
9.Bxd4 Bc5 10.Bxc5 Qxc5 11.Kh1 b5 12.Qd2 Bb7 13.Rae1 O-O 14.f4 e5 15.fxe5 Ng4
16.Nd5 Nxe5 17.Qg5 Nxd3 18.Ne7+ Kh8 19.Nf5 Nf2+ 20.Rxf2 Qe5 21.Qf4 Qxf4 22.Rxf4 f6
23.Nd6 Bc6 24.Ref1 Rfb8 25.h4 b4 26.h5 h6 27.R1f3 a5 28.Rg3 a4 29.Rfg4 Rg8
30.Kg1 a3 31.b3 Kh7 32.Nf5 Rae8 33.Rxg7+ Rxg7 34.Rxg7+ Kh8 35.Rf7 Rxe4 36.Rf8+ Kh7
37.Rxf6 Re1+ 38.Kh2 Ra1 39.Rxh6+ Kg8 40.Rg6+ Kh8 41.Rh6+ Kg8 42.Ne7+ Kf7
43.Nxc6 dxc6 44.Rxc6 Rxa2 45.Rc4 Rb2 46.Rxb4 Rxc2 47.Rb7+ Kf6 48.h6 Kg6 49.h7 Rc8
50.Ra7 Rh8 51.Rxa3 Rxh7+ 52.Kg3 Rb7 53.Kf4 Kf6 54.Ke4 Rb8 55.Kd4 Rd8+ 56.Kc4 Rc8+
57.Kd5 Rd8+ 58.Kc5 Rc8+ 59.Kb5 Rb8+ 60.Kc6 Ke6 61.Kc7 Rb4 62.Ra6+ Ke5 63.Rb6 Rg4
64.Rb5+ Ke6 65.Rc5 Rb4 66.Rc3 Kd5 67.Rd3+ Ke4 68.Rg3 Kd5 69.Rh3 Rg4 70.Rd3+ Kc5
71.g3 Rg7+ 72.Kd8 Rg8+ 73.Ke7 Rg7+ 74.Kf6 Rg8 75.Kf5 Rf8+ 76.Ke4 Re8+ 77.Kf3 Rf8+
78.Kg2 Rg8 79.Rf3 Rg7 80.Rf4  1-0

[Event "Zadar op"]
[Site "Zadar"]
[Date "1995.??.??"]
[Round "?"]
[White "Zelcic, Robert"]
[Black "Martic, Zlatko"]
[Result "1-0"]
[WhiteElo "2500"]
[BlackElo "2290"]

1.e4 c5 2.Nf3 Nc6 3.Nc3 e6 4.d4 cxd4 5.Nxd4 Qc7 6.Be2 Nf6 7.O-O a6 8.Kh1 b5
9.Nxc6 dxc6 10.f4 b4 11.e5 Nd5 12.Ne4 Be7 13.c4 bxc3 14.bxc3 f5 15.Nd6+ Bxd6
16.exd6 Qa7 17.Bf3 Bd7 18.c4 Ne3 19.Bxe3 Qxe3 20.Rb1 O-O 21.Rb7 Ra7 22.Qb1 Rc8
23.Rb8 Rxb8 24.Qxb8+ Kf7 25.Qh8 Kg6 26.Bh5+ Kh6 27.Qd8 g6 28.Qf6 Be8 29.Bf3 Rf7
30.d7 Rxf6 31.dxe8=Q Qxf4 32.Qxc6 g5 33.g3 Qd2 34.Qe8 g4 35.Bxg4  1-0

[Event "EU-ch U18"]
[Site "Zagan"]
[Date "1995.??.??"]
[Round "9"]
[White "Bobras, Piotr"]
[Black "Chernuschevich, Alexei"]
[Result "1-0"]
[WhiteElo "2300"]
[BlackElo "2325"]

1.e4 c5 2.Nf3 e6 3.d4 cxd4 4.Nxd4 Nc6 5.Nc3 Qc7 6.Be2 a6 7.O-O Nf6 8.Kh1 b5
9.Nxc6 dxc6 10.f4 b4 11.e5 bxc3 12.exf6 Qd8 13.Bf3 Bb7 14.bxc3 gxf6 15.Rb1 Qc7
16.Qd4 Be7 17.Be3 O-O 18.Qb6 Qxb6 19.Rxb6 Bc8 20.Rfb1 Ra7 21.Rxc6 Rb7 22.Rxb7 Bxb7
23.Rc7 Bxf3 24.gxf3 Ba3 25.c4 Rb8 26.Ra7 Bc1 27.Bd4 Kg7 28.Rxa6 Rb1 29.Rb6 Rxb6
30.Bxb6 Kf8 31.a4 Ke8 32.a5 Kd7 33.a6 Kc6 34.a7 Kb7 35.c5  1-0